| Tag |
First Indicator |
Second Indicator |
Subfields |
| LEADER |
00000cam a2200000 4500 |
| 001 |
in00000092780 |
| 005 |
20150923173242.0 |
| 008 |
701112s1970 nyuac b 00100 eng |
| 010 |
|
|
|a 71087207
|
| 020 |
|
|
|a 0525101527
|c $9.95
|
| 035 |
|
|
|a (OCoLC)00098641
|
| 035 |
|
|
|9 AAK7783AM
|
| 040 |
|
|
|a DLC
|c DLC
|d TXA
|d UtOrBLW
|
| 049 |
|
|
|a TXAM
|c [642709]
|
| 050 |
0 |
0 |
|a PN1995.9.E96
|b Y6
|
| 082 |
0 |
|
|a 791.43/023
|
| 100 |
1 |
|
|a Youngblood, Gene,
|d 1942-
|
| 245 |
1 |
0 |
|a Expanded cinema /
|c Introd. by R. Buckminster Fuller.
|
| 250 |
|
|
|a [1st ed.].
|
| 264 |
|
1 |
|a New York :
|b Dutton,
|c 1970.
|
| 300 |
|
|
|a 432 pages :
|b illustrations (part color), portraits ;
|c 21 cm.
|
| 336 |
|
|
|a text
|b txt
|2 rdacontent
|
| 337 |
|
|
|a unmediated
|b n
|2 rdamedia
|
| 338 |
|
|
|a volume
|b nc
|2 rdacarrier
|
| 504 |
|
|
|a Bibliography: pages 421-425.
|
| 650 |
|
0 |
|a Experimental films.
|
| 650 |
|
0 |
|a Cinematography.
|
| 999 |
|
|
|a MARS
|
| 999 |
f |
f |
|s 1d28d8c9-0487-34f7-b563-78c00c0339e7
|i 1f73d259-d6b5-3281-bd9f-7d70ee475a27
|t 0
|
| 952 |
f |
f |
|p normal
|a Texas A&M University
|b College Station
|c Sterling C. Evans Library
|d Evans: Library Stacks
|t 0
|e PN1995.9.E96 Y6
|h Library of Congress classification
|i unmediated -- volume
|m A14803689559
|
| 998 |
f |
f |
|a PN1995.9.E96 Y6
|t 0
|l Evans: Library Stacks
|